A Time to Love and a Time to Die /

Enregistré dans:
Détails bibliographiques
Auteur principal: Remarque, Erich Maria (autor)
Format: Livre
Langue:anglais
Publié: Nueva York, EUA : Popular Library, 1960, c1954
Tags: Ajouter un tag
Pas de tags, Soyez le premier à ajouter un tag!

MARC

LEADER 00000nam^a2200000^a^4500
001 000457199
005 20250526000000.0
009 20260310124037.695
037 |a Acervo ITESO - Biblioteca 
041 |a ING 
091 |a FHM. 11500 
100 |a Remarque, Erich Maria  |e (autor) 
245 1 2 |a A Time to Love and a Time to Die / 
264 4 |a Nueva York, EUA :  |b Popular Library,  |c 1960, c1954 
300 |a 287 p. ;  |c 17.5 cm. 
336 |a texto  |b txt  |2 rdacontenido 
337 |a sin mediación  |b n  |2 rdamedio 
338 |a volumen  |b nc  |2 rdasoporte 
649 |a XX 
910 |a Fondo Hugo B. Margáin 
920 |a Impresos - Libros 
930 |a Libros Antiguos y Raros 
940 |a Literatura 
905 |a 126 
901 |a 0500395570  |b IT2  |c LRA  |i D  |u 20250526 
902 |a https://opac.biblio.iteso.mx/vufind/Record/000457199